000 00781nab a2200241 u 4500
001 12939
003 HDC
007 cr bn ---aaaaa
008 210211c my dr|nes 0 eng d
040 _aHDC
245 0 _aAngkasawan's Halal E-Marketplace Takes Flight
260 _a[no place] :
_b[publisher not identified],
_c[no year]
336 _atext
_2rdacontent
337 _acomputer
_2rdamedia
338 _aonline resource
_2rdacarrier
650 _aE-commerce
_92390
650 _aHalal platform
_913752
710 _aMalaysian Digest
856 _zRequest full-text at [email protected]
942 _2lcc
942 _cNEWS
942 _kNWSO 002759
999 _c10255
_d10255